Novios cristianos (Record no. 20725)

MARC details
000 -LEADER
campo de control de longitud fija 00495ntaaa2200193 4500
003 - IDENTIFICADOR DE NÚMERO DE CONTROL
campo de control 01
005 - FECHA Y HORA DE LA ÚLTIMA TRANSACCIÓN
campo de control 20251027202550.0
008 - DATOS DE LONGITUD FIJA--INFORMACIÓN GENERAL
campo de control de longitud fija 0714s1973 ag 01
040 ## - FUENTE DE CATALOGACIÓN
Centro catalogador/agencia de origen AR-BaBN
Lengua de catalogación spa
Centro/agencia transcriptor AR-BaBN
Normas de descripción aacr
Centro/agencia modificador RIC
082 ## - NÚMERO DE LA CLASIFICACIÓN DECIMAL DEWEY
Número de clasificación 301.4250 St7
100 ## - ENTRADA PRINCIPAL--NOMBRE DE PERSONA
Nombre de persona Stowe, Eugene
9 (RLIN) 24735
245 ## - MENCIÓN DEL TÍTULO
Título Novios cristianos
250 ## - MENCION DE EDICION
Mención de edición 1 ed.
260 ## - PUBLICACIÓN, DISTRIBUCIÓN, ETC.
Lugar de publicación, distribución, etc. Kansas City :
Nombre del editor, distribuidor, etc. Casa Nazarena de Publicaciones,
Fecha de publicación, distribución, etc. n.f.
300 ## - DESCRIPCIÓN FÍSICA
Extensión 55 p
500 ## - NOTA GENERAL
Nota general Puntos de vista de los Nazarenos
650 ## - PUNTO DE ACCESO ADICIONAL DE MATERIA--TÉRMINO DE MATERIA
Término de materia o nombre geográfico como elemento de entrada noviazgo
9 (RLIN) 7333
942 ## - ELEMENTOS DE ENTRADA SECUNDARIOS (KOHA)
Tipo de ítem Koha Colección General
Holdings
Estatus retirado Estado de pérdida Estado de daño No para préstamo Biblioteca de origen Biblioteca actual Fecha de adquisición Número de inventario Total de préstamos Signatura topográfica completa Código de barras Visto por última vez Precio de reemplazo Tipo de ítem Koha
        Biblioteca Pluis Biblioteca Pluis 27/10/2025 27720   301.4250 St7 27720 27/10/2025 27/10/2025 Colección General